[Event "GER-chT School WK 4"]
[Site "Playchess.com INT"]
[Date "2020.06.16"]
[Round "3.2"]
[White "Middendorf, Sven Jonas"]
[Black "Favia, Jordan"]
[Result "1-0"]
[WhiteElo "1620"]
[BlackElo "1324"]
[PlyCount "69"]
[EventDate "2020.06.16"]
[EventType "team-swiss (blitz)"]
[EventRounds "5"]
[EventCountry "GER"]
[SourceTitle "EXT 2021"]
[Source "ChessBase"]
[SourceDate "2020.10.23"]
[SourceVersion "1"]
[SourceVersionDate "2020.10.23"]
[SourceQuality "1"]
[WhiteTeam "Nauen Leon Da Vinci"]
[BlackTeam "Ottweiler Gymn"]
[WhiteTeamCountry "GER"]
[BlackTeamCountry "GER"]

1. e4 e6 2. d4 d5 3. Nc3 dxe4 4. Nxe4 f5 5. Nc3 Bd6 6. Bd3 Nf6 7. Nf3 g6 8. 0-0 0-0 9. Ne5 Nc6 10. Nxc6 bxc6 11. Bg5 Ng4 12. Bxd8 Re8 13. Bh4 g5 14. Bxg5 h6 15. Bh4 e5 16. dxe5 Bxe5 17. Bg3 Bxg3 18. hxg3 Be6 19. Re1 Ne5 20. Rxe5 Rad8 21. Qh5 Bd5 22. Rxe8+ Kg7 23. Rxd8 Kf6 24. Rf8+ Ke7 25. Qxf5 Kd6 26. Rd8+ Kc5 27. Qf8+ Kd4 28. Ne2+ Ke5 29. Re8+ Be6 30. Qf4+ Kd5 31. Bc4+ Kc5 32. Rxe6 Kb6 33. Qd4+ Ka5 34. Qc5+ Ka4 35. b3# 1-0